Cowpeas (Vigna unguiculata L. Walp): abstracts of World literature. (Record no. 39099)

MARC details
000 -LEADER
fixed length control field 00783nam a2200181 a 4500
008 - FIXED-LENGTH DATA ELEMENTS--GENERAL INFORMATION
fixed length control field 100113s1987 ||||||||||||||||| || u
050 ## - LIBRARY OF CONGRESS CALL NUMBER
Classification number IITA(02)
110 ## - MAIN ENTRY--CORPORATE NAME
Corporate name or jurisdiction name as entry element International Institute of Tropical Agriculture(IITA)
245 10 - TITLE STATEMENT
Title Cowpeas (Vigna unguiculata L. Walp): abstracts of World literature.
Statement of responsibility, etc. International Institute of Tropical Agriculture(IITA)
260 ## - PUBLICATION, DISTRIBUTION, ETC.
Place of publication, distribution, etc. Ibadan, Nigeria:
Name of publisher, distributor, etc. International Grain Legume Information Centre
Date of publication, distribution, etc. 1987
300 ## - PHYSICAL DESCRIPTION
Extent 164p.
350 ## - PRICE (NR) (BK AM CF MU VM SE) [OBSOLETE]
Price 0.00
500 ## - GENERAL NOTE
General note Vol. V 1983-1985
650 ## - SUBJECT ADDED ENTRY--TOPICAL TERM
Topical term or geographic name entry element COWPEA--ABSTRACTS
650 ## - SUBJECT ADDED ENTRY--TOPICAL TERM
Topical term or geographic name entry element AGRICULTURE
650 ## - SUBJECT ADDED ENTRY--TOPICAL TERM
Topical term or geographic name entry element COWPEA--BRAZIL--BIBLIOGRAPHIES
995 ## - RECOMMENDATION 995 [LOCAL, UNIMARC FRANCE]
-- 0.00
-- CBU-MAIN LIBRARY (Kitwe)
-- 1
-- 0.00
-- 1
-- AVAILABLE
-- Jan 13, 2010
-- International Publications
Holdings
Withdrawn status Lost status Source of classification or shelving scheme Damaged status Not for loan Home library Current library Shelving location Date acquired Total Checkouts Full call number Barcode Date last seen Price effective from Koha item type
          CBU-MAIN LIBRARY, KITWE. CBU-MAIN LIBRARY, KITWE.   11/30/2022   IITA(02) Z03005349 11/30/2022 11/30/2022 MONOGRAPH